00746nam a2200193 a 450000100100000000500170001000800410002702000180006804000250008610000170011124501270012826000640025530000210031949000440034050000420038450000480042670000340047483000440050800004481320240223170016.0150113s2014 dr 000 0 spa d a9789945891430 aDO-SdBNPbspacBNPHU1 aWells, Allen13aUn sion Tropical :bel general Trujillo, Franklin Roosevelt y los judíos de Sosúa /ctraductorNatalia Sanz González. aSanto Domingo :bAcademia Dominicana de la Historia,c2014. a679 p. ;c25 cm.1 aAcademia Dominicana de la Historiav117 aIncluye notas al pie de las páginas aIncluye datos biográficos del autor en al1 aSanz González, Nataliaetr. aAcademia Dominicana de la Historiav117